[Event "RUS-ch qual 57th"]
[Site "Tomsk"]
[Date "2004.05.29"]
[Round "7"]
[White "Vorobiov, Evgeny E"]
[Black "Loskutov, Oleg"]
[Result "1-0"]
[WhiteElo "2552"]
[BlackElo "2433"]
[Annotator "Ftacnik,L"]
[PlyCount "65"]
[EventDate "2004.05.23"]
[EventType "swiss"]
[EventRounds "9"]
[EventCountry "RUS"]
[SourceTitle "CBM 102"]
[Source "ChessBase"]
[SourceDate "2004.09.23"]
[SourceVersion "1"]
[SourceVersionDate "2004.09.23"]
[SourceQuality "1"]

1. e4 c5 2. Nf3 d6 3. d4 cxd4 4. Nxd4 Nf6 5. Nc3 a6 6. f3 e5 7. Nb3 Be6 8. Be3
h5 9. Nd5 Bxd5 10. exd5 Nbd7 11. Qd2 g6 12. Be2 Bg7 (12... Ng8 $5 13. Qb4 (13.
O-O-O a5 14. a4 Bg7 15. f4 Ngf6 16. fxe5 Nxe5 17. Bb5+ Nfd7 18. Rhf1 Qc7 19.
Kb1 O-O 20. Bh6 Nc4 21. Bxc4 Qxc4 22. Bxg7 Kxg7 23. Nd4 Ne5 24. Qg5 {1-0
Konguvel,P-Jaracz,P/Biel 2000/ (43)}) 13... Qc7 14. Na5 Bh6 15. Bf2 Ngf6 16. c4
O-O 17. O-O Rae8 18. Kh1 Bf4 19. Rad1 e4 20. Be1 Nc5 21. Qc3 exf3 22. Bxf3 Nce4
23. Qb4 Be5 24. Qxb7 Qxb7 25. Nxb7 Rb8 26. Na5 Rxb2 {1/2-1/2 Tiviakov,
S-Tisdall,J/Jakarta 1997/ (40)}) (12... h4 13. Na5 Qc7 14. c4 Nh5 15. O-O-O Nf4
16. Bf1 h3 17. gxh3 Bh6 18. Kb1 Kf8 19. Nb3 Kg7 20. h4 Nh5 21. Bg5 Bxg5 22.
hxg5 Ng3 23. Rg1 Nxf1 24. Rgxf1 Rh4 25. f4 {1-0 Bologan,V-Ashley,M/New York
2000/ (33)}) 13. O-O (13. c4 b6 14. O-O O-O 15. Rab1 Re8 16. Na1 h4 17. Nc2 a5
18. Na3 Nc5 19. Nb5 Qd7 20. b3 Nh5 21. Bd1 f5 22. Bc2 Kh7 23. a3 e4 24. f4 {
1-0 Gadjily,R-Visweswaran,K/Dubai 2002/ (56)}) 13... O-O 14. Na5 {The knight
on a5 will paralyze black's kingside, since b7-b6 is always met with Nc6.} (14.
Kh1 Rc8 15. c4 e4 16. f4 Ng4 17. Bxg4 hxg4 18. Rac1 Nf6 19. Nd4 g3 20. h3 Ng4
21. b3 {1-0 Blimke,D-Jaracz,B/Brzeg Dolny 2000/ (37)}) 14... Qc7 15. c4 e4 (
15... b6 16. Nc6 Nb8 17. Nb4 $16) 16. f4 (16. Rae1 exf3 17. Bxf3 Ne5 18. Be2
Rae8 $13) 16... Rfe8 (16... Ng4 $5 17. Bxg4 hxg4 18. Rac1 Nc5 19. Nb3 Nd3 20.
Rc2 $14) 17. h3 Nc5 18. b4 Nd3 (18... Ncd7 19. Rac1 $16) 19. f5 $1 {Loskutov
is beeing reprimanded for the early h7-h5, his kingside pawn structure is now
rather vulnerable.} (19. Bxd3 exd3 20. Qxd3 Ne4 21. Rac1 Re7 22. f5 Rae8 23.
fxg6 fxg6 24. c5 Ng3 $14) 19... Nd7 (19... Ne5 20. Rac1 Rac8 21. Nb3 $16) 20.
Rad1 Rac8 (20... N7e5 $1 21. c5 dxc5 (21... Rac8 22. f6 Bf8 23. Bxd3 Nxd3 24.
c6 $14) 22. bxc5 gxf5 23. Bxd3 exd3 24. d6 Qd7 25. Bh6 Bf6 $14) 21. Bxd3 exd3
22. Bf4 (22. a3 Ne5 23. Rc1 $14) 22... Qb6+ (22... Ne5 23. Bxe5 Rxe5 24. fxg6
fxg6 25. Qxd3 Qb6+ 26. Kh2 Qxb4 27. Qxg6 Re7 28. Rf5 $1 $18) 23. Kh1 Nf6 (23...
Ne5 24. Bxe5 Rxe5 25. a3 Kh7 26. c5 Qb5 27. a4 Qxa4 28. Nc4 $18) 24. fxg6 fxg6
25. c5 $1 {[%mdl 128] Excellent positional solution, since white opens
possibility for the d pawn advance and frees the hands of the knight on a5.} (
25. Qxd3 Ne4 (25... Qxb4 26. Bd2 Qa4 27. Qxg6 $18) 26. a3 Nf2+ 27. Rxf2 Qxf2
28. Bxd6 Re1+ 29. Rxe1 Qxe1+ 30. Kh2 Kh7 31. Nxb7 Rf8 $1 $13) 25... dxc5 (25...
Qb5 26. a4 Qxa4 27. Nxb7 Nxd5 28. Nxd6 Nxb4 29. Nxe8 Rxe8 30. c6 Nxc6 31. Qxd3
Rd8 32. Bd6 $16) 26. Qxd3 Qxb4 (26... Kh7 27. Nc4 Qxb4 28. Nd6 c4 29. Qf3 b5
30. Nxc8 Rxc8 31. d6 $18) 27. Qxg6 Qxa5 (27... Qe4 28. Qg5 b5 29. Nc6 Nxd5 (
29... c4 30. Be5 Rxc6 31. Bxf6 Rc7 32. d6 Rd7 33. Qxh5 $16) 30. Be5 Rxe5 31.
Nxe5 Qxe5 32. Rf5 Qe6 33. Rfxd5 $16) 28. d6 {The final phase is exciting, but
probably more precise winning continuation was 28.Bh6!?} (28. Bh6 $5 Rc7 29.
Rxf6 Re1+ 30. Kh2 Rxd1 31. Qe8+ Kh7 32. Bxg7 Rxg7 33. Qe4+ Kg8 (33... Kh8 34.
Rh6+ Kg8 35. Qe8#) 34. Qe6+ Kh8 35. Rh6+ Rh7 36. Qe8+ Kg7 37. Rg6#) 28... Nd7 (
28... Qxa2 $5 29. d7 Qf7 30. dxc8=Q Rxc8 31. Qf5 $16) 29. Bh6 Qc3 30. Rf7 Re1+
31. Kh2 Qe5+ (31... Rxd1 32. Rxg7+ $18) 32. Bf4 Nf8 33. Bxe5 (33. Bxe5 Nxg6 34.
Rxg7+ Kf8 35. Rxe1 Nxe5 36. Rh7 $18) 1-0

[Event "EU-ch 3rd"]
[Site "Batumi"]
[Date "2002.06.15"]
[Round "4"]
[White "Goloshchapov, Alexander"]
[Black "Shanava, Konstantine"]
[Result "1-0"]
[WhiteElo "2543"]
[BlackElo "2390"]
[Annotator "Ftacnik,L"]
[PlyCount "73"]
[EventDate "2002.06.12"]
[EventType "swiss"]
[EventRounds "13"]
[EventCountry "GEO"]
[SourceTitle "CBM 090"]
[Source "ChessBase"]
[SourceDate "2002.09.20"]
[SourceVersion "1"]
[SourceVersionDate "2002.09.20"]
[SourceQuality "1"]

1. e4 c5 2. Nf3 d6 3. d4 cxd4 4. Nxd4 Nf6 5. Nc3 a6 6. Be3 e5 7. Nb3 Be6 8. f3
Nbd7 9. g4 b5 10. g5 b4 11. Ne2 Nh5 12. Qd2 a5 13. Ng3 Nxg3 14. hxg3 a4 15. Nc1
Qa5 16. Bh3 d5 (16... Bxh3 17. Rxh3 Nb6 18. b3 (18. Bxb6 Qxb6 19. Ne2 Be7 20.
f4 Rc8 21. Qd3 g6 22. Kd2 Kf8 23. Rah1 Kg7 {1/2-1/2 Firman,N-Shneider,A/
Alushta 2002/ (44)}) 18... d5 19. Nd3 Bd6 20. Rd1 d4 21. Bg1 axb3 22. axb3 Rc8
23. Qh2 Qa2 24. Rxh7 Rxh7 25. Qxh7 Rxc2 {0-1 Morovic,D-Shirov,A/Barcelona 2000/
(38)}) 17. exd5 (17. Bxe6 fxe6 18. Nd3 Bd6 19. exd5 exd5 20. Rh4 e4 21. Bf4
exd3 22. Bxd6 Qb6 23. Qxb4 Qg1+ 24. Kd2 Qxa1 25. Qb7 Rb8 26. Qxd5 Kd8 27. Rc4 {
1-0 De Vreugt,D-L'Ami,E/Amsterdam/2001/ (27)}) 17... Qxd5 18. Qxd5 (18. Bxe6
Qxe6 19. Nd3 Rd8 20. Rh4 Nb6 21. Qe2 Nc4 22. Re4 Be7 23. Nc5 Bxc5 24. Bxc5 Nd2
25. Qb5+ Rd7 26. O-O-O f5 27. Re3 {1-0 Crosa,M-Coelho,L/Sao Paulo 2002/ (27)})
18... Bxd5 19. Nd3 Rd8 {Black position is not without dangers as his queenside
pawns are exposed and the location of pieces in the center open to white's
attack.} (19... Bxf3 $2 20. Bxd7+ Ke7 21. Rh4 $18) (19... Bd6 $5 20. O-O-O (20.
Kf2 Rc8 21. Rhc1 (21. Rhd1 Rxc2+ 22. Kg1 Be6 $15) 21... a3 $11) 20... Ra5 (
20... Bxf3 21. Bxd7+ Ke7 22. Bf5 $14) 21. Bxd7+ Kxd7 22. Nc5+ Kc6 23. Rxd5 Bxc5
(23... Kxd5 24. Rd1+ Kc6 25. Rxd6+ Kxd6 26. Nb7+ Kd5 (26... Kc6 27. Nxa5+ Kb5
28. Nb7 Kc6 29. Nc5 $18) 27. Nxa5 Ra8 28. Nb7 a3 29. b3 $16) 24. Rxe5 Bxe3+ 25.
Rxe3 Rxg5 $11) 20. Kf2 Bd6 (20... e4 $2 21. fxe4 Bxe4 22. Rhe1 f5 23. gxf6 Nxf6
24. Bg5 Rd4 25. Bxf6 gxf6 26. Bf5 $18) 21. Rhd1 Bc6 (21... Nf8 22. Bb6 Rb8 23.
Nxe5 Bxe5 24. Rxd5 Bxb2 25. Re1+ Ne6 26. Bc5 $16) 22. c3 $1 {[%mdl 32] Opening
of the position is very unpleasant for the defender, as he has yet to complete
his development.} (22. Bd2 Rb8 23. Re1 f6 24. gxf6 gxf6 25. Bf5 $14) 22... bxc3
23. bxc3 e4 (23... Bc7 24. Nb4 Bb7 25. Nd5 $14) 24. Nb4 (24. fxe4 Bxe4 25. Nb2
Be7 $14) 24... Bxb4 (24... Ne5 25. Nxc6 Nxc6 26. Bb6 Rb8 27. Rxd6 Rxb6 28. Ke3
$18) 25. cxb4 Ne5 (25... exf3 26. b5 Bxb5 27. Rab1 Bc6 28. Rd6 Rb8 29. Bxd7+
Ke7 30. Rxb8 Rxb8 31. Bc5 $18) 26. Rxd8+ Kxd8 27. Bb6+ Ke7 (27... Ke8 28. fxe4
h6 29. Rd1 Nd7 30. Bxd7+ Bxd7 31. Rh1 $16) 28. Bc5+ Kd8 (28... Ke8 29. fxe4 h6
30. g6 $1 $16) 29. Bb6+ Ke7 30. fxe4 {White's bishops pair is very strong and
black still needs to get his missing pawn back.} h6 (30... Bxe4 31. Bc5+ Ke8 (
31... Kd8 32. Rd1+ Ke8 33. Bd4 $16) 32. Bd4 f6 (32... Nf3 33. Rc1 $18) 33. gxf6
gxf6 34. Bxe5 fxe5 35. Re1 Rf8+ 36. Kg1 Bg6 37. Rxe5+ $16) 31. Bc5+ Ke8 32. g6
$1 fxg6 (32... Nxg6 33. b5 Bd7 34. Bf5 Ne5 35. Bd4 f6 36. Rd1 $16) (32... Bxe4
33. gxf7+ Kxf7 34. Ke3 Bc6 35. Rf1+ $16) 33. Ke3 Nd7 (33... Bd7 34. Bf1 h5 35.
Rd1 $16) 34. Bd6 Nf6 (34... Bb5 35. Rc1 Kd8 36. Rc7 $16) 35. e5 Ne4 (35... Bd7
36. e6 Bc8 37. Rc1 Ba6 38. Kd4 $18) (35... Nd5+ 36. Kd4 Ne7 37. Rc1 $18) 36.
Bg2 Nxd6 37. Bxc6+ 1-0

[Event "Linares 15th"]
[Site "Linares"]
[Date "1998.02.27"]
[Round "6"]
[White "Shirov, Alexei"]
[Black "Svidler, Peter"]
[Result "1-0"]
[WhiteElo "2710"]
[BlackElo "2690"]
[Annotator "Ftacnik,L"]
[PlyCount "55"]
[EventDate "1998.02.22"]
[EventType "tourn"]
[EventRounds "12"]
[EventCountry "ESP"]
[EventCategory "21"]
[SourceTitle "CBM 064"]
[Source "ChessBase"]
[SourceDate "1998.06.02"]
[SourceVersion "1"]
[SourceVersionDate "1998.06.02"]
[SourceQuality "1"]

1. e4 {Petursson} c5 2. Nf3 d6 3. d4 cxd4 4. Nxd4 Nf6 5. Nc3 a6 6. Be3 e5 7.
Nb3 Be6 8. Qd2 Nbd7 9. f3 h5 10. O-O-O (10. Nd5 Nxd5 (10... Bxd5 11. exd5 g6
12. Be2 Ng8 13. Qb4 Qc7 14. Na5 Bh6 15. Bf2 Ngf6 16. c4 O-O 17. O-O Rae8 18.
Kh1 Bf4 {Tiviakov,S-Tisdall,J/World Cities 1997/1/2-1/2 (40)}) 11. exd5 Bf5 12.
Be2 g6 13. Na5 Qc7 14. O-O Bg7 {Nijboer,F-Van Wely,L/Hoogovens/1998/}) 10...
Rc8 (10... Qc7 11. Nd5 Bxd5 12. exd5 Nb6 13. Qa5 Rc8 14. c3 Nc4 15. Bxc4 Qxc4
16. Rhe1 Be7 17. Bg5 O-O 18. Bxf6 Qf4+ 19. Nd2 Qxf6 20. Qb6 Rb8 {Shirov,
A-Ljubojevic,L/Investbanka 1997}) (10... b5 11. Nd5 Nxd5 12. exd5 Bf5 13. Kb1 (
13. Bd3 Bxd3 14. Qxd3 g6 15. f4 Bh6 16. Rde1 O-O 17. f5 Bxe3+ 18. Rxe3 Qg5 19.
Rf1 Nf6 {0-1 Kasimdzhanov,R-Sadvakasov,D/WchJM U18 1996/ (41)}) 13... Rc8 14.
Bd3 Bxd3 15. cxd3 Be7 16. Na5 Nf6 17. d4 Nxd5 18. dxe5 Nxe3 19. Qxe3 O-O 20.
Nb7 Qc7 21. Nxd6 Bxd6 22. exd6 Qc2+ 23. Ka1 Rfe8 24. Qd4 Re2 {Hachian,
M-Sadvakasov,D/RUS-Cup3 1996/1/2-1/2 (45)}) 11. Kb1 Be7 (11... Qc7 12. Nd5 (12.
g3 Be7 13. h3 b5 14. Qf2 Qb7 15. Na5 Qc7 16. Nb3 Qb7 17. Na5 Qc7 {1/2-1/2 Sax,
G-Leko,P/HUN-ch 1997/}) 12... Nxd5 13. exd5 Bf5 14. Bd3 Bxd3 15. Qxd3 Be7 16.
Nd2 g6 17. c3 b5 18. h4 Qb7 19. Nb3 Bd8 20. Bg5 Nc5 21. Nxc5 Rxc5 22. f4 O-O
23. g4 {0-1 Wang Zili-Van Wely,L/ST Lee Cup 4th 1997/ (41)}) 12. Nd5 (12. h3 b5
13. Be2 h4 14. a4 b4 15. Na2 a5 16. Bb5 O-O 17. Nac1 Qc7 18. Qf2 Rb8 19. Qxh4
Rxb5 20. axb5 a4 21. Na1 a3 22. Qe1 axb2 23. Kxb2 d5 {0-1 Porubszky
Angyalosine,M-Bacso,G/HUN-chT 1993/ (37)}) 12... Bxd5 (12... Nxd5 13. exd5 Bf5
14. Bd3 Bxd3 15. Qxd3 Bg5 16. Rhe1 O-O 17. g3 Bxe3 18. Qxe3 Qc7 19. c3 Nb6 20.
Qg5 Nc4 21. Nd2 Qb6 22. Nxc4 Rxc4 {0-1 Kovacevic,A-Gelfand,B/Investbanka
Belgrade/1997 (29)}) 13. exd5 Nb6 14. Bxb6 (14. Qa5 Qc7 15. c3 Bd8 $13) 14...
Qxb6 15. g3 O-O 16. Bh3 Ra8 $6 (16... Rc7 17. Rhe1) 17. Rhe1 a5 $2 {Svidler is
impatient and hopes for a quick counterplay. The problem is weakening of the
white squares.} (17... Rfe8 $14) 18. a4 Qc7 $6 (18... Qb4 $5 19. f4 e4 (19...
Qxa4 20. fxe5 dxe5 21. d6 Rfd8 22. Nc5 Qc6 23. Nd7 $1 Rxd7 24. Bxd7 Qxd7 25.
dxe7 Qxe7 $13) 20. Qxb4 (20. Qd4 Bd8) 20... axb4 21. Bf5 (21. a5 Bd8) 21...
Rxa4 22. Bxe4) 19. Bf1 $1 Rfc8 20. Bb5 Bf8 21. f4 $1 {White pieces are clearly
more active and black must be very careful in order to avoid great
disadvantage.} exf4 (21... e4 22. Re2 Qb6 23. Qd4 Qxd4 24. Rxd4 g6 25. Nd2 $16)
22. gxf4 Qb6 23. Re2 Ne8 (23... Rc7 24. Rde1 Rac8 25. Qd3 $16) 24. f5 Nc7 $2 {
[%csl Yf6][%cal Ye8c7]} (24... Nf6 25. Rde1 Rc7 26. h3 $14) 25. f6 $1 {Shirov
could have only dreamed about the chance like this. White's attack will be
dangerous, since his pieces can use open g file.} g6 (25... Nxb5 26. fxg7 $1 (
26. axb5 g6 27. Nd4 $16) 26... Bxg7 27. Rg2 Rc4 $1 (27... Nc7 28. Qh6 Ne8 29.
Re1 Kf8 30. Rxg7 $1 Nxg7 31. Qh8#) 28. axb5 $1 (28. Rdg1 Rg4 29. Rxg4 hxg4 30.
Rxg4 Nc7) (28. h3 Nc7 29. Qg5 (29. Rdg1 Ne8 30. Rxg7+ (30. Qh6 $2 Rg4) 30...
Nxg7 31. Qg2 Qxg1+ 32. Qxg1 Rxa4 $13) 29... Ne8 30. Re1 Kf8 31. Rxe8+ Kxe8 32.
Qxg7 Rd8 33. Re2+ Kd7 34. Qxf7+ Kc8 35. Qxh5 Rxa4 $13) 28... Rg4 29. Rxg4 hxg4
30. Qg5 Qxb5 (30... Kf8 31. Qxg4 Be5 32. Nd4) 31. Qxg4 Qe8 32. Nd4 Qe5 33. c3
$18) 26. Bd7 Rd8 27. Be6 $1 {The bishop was already on h3 in the 16th move,
but used quite a different route for landing on the e6 square. Black's king is
now in a hopeless situation.} Re8 (27... fxe6 28. Qg5 (28. dxe6 Nxe6 29. Qd5
Re8 30. Rxe6 Rxe6 31. Qxe6+ Kh8 32. Qf7 $18) 28... Kf7 29. Rg2 Ke8 30. dxe6
Nxe6 31. Qxg6+ Kd7 32. Qf7+ $18 (32. Qf7+ {Petursson} Kc8 33. Qxe6+ Kb8 34. Qd5
$18)) 28. Qg5 (28. Qg5 Bg7 (28... Nxe6 29. dxe6 Kh7 30. e7 Bh6 31. Qd5 Kg8 32.
Rg2 $18) 29. Rg1 (29. Qxg6 Nxe6) 29... Nxe6 30. dxe6 $18) 1-0

[Event "BCF-ch 89th"]
[Site "Torquay"]
[Date "2002.08.08"]
[Round "10"]
[White "Ramesh, Ramachandran B"]
[Black "Rowson, Jonathan"]
[Result "1-0"]
[WhiteElo "2456"]
[BlackElo "2545"]
[Annotator "Ftacnik,L"]
[PlyCount "125"]
[EventDate "2002.07.29"]
[EventType "swiss"]
[EventRounds "11"]
[EventCountry "ENG"]
[SourceTitle "CBM 091"]
[Source "ChessBase"]
[SourceDate "2002.11.12"]
[SourceVersion "1"]
[SourceVersionDate "2002.11.12"]
[SourceQuality "1"]

1. e4 c5 2. Nf3 d6 3. d4 Nf6 4. Nc3 cxd4 5. Nxd4 a6 6. Be3 e5 7. Nb3 Be6 8. f3
h5 9. Qd2 Nbd7 10. O-O-O Rc8 11. Kb1 Be7 12. Bd3 b5 13. f4 Qc7 14. h3 Nb6 (
14... h4 15. Rhe1 Bc4 16. Bf2 b4 17. Nd5 Nxd5 18. exd5 Bxd3 19. Qxd3 O-O 20.
Nd4 Bf6 21. Nc6 exf4 22. Ne7+ Bxe7 23. Rxe7 Qd8 24. Bxh4 Ne5 25. Rxe5 Qxh4 26.
Re4 a5 27. Qf3 Rfe8 28. Rxf4 {1/2-1/2 Tiviakov,S-Quinn,M/Bratto 1999/ (53)})
15. f5 (15. Bxb6 Qxb6 16. g4 (16. Nd5 Bxd5 17. exd5 e4 18. Be2 h4 19. Qd4 Qc7
20. Rc1 O-O 21. c4 b4 22. Rhg1 Nd7 23. Qxe4 Bf6 24. g4 Nc5 25. Nxc5 Qxc5 26.
Bd3 g6 {0-1 Bologan,V-Zhang Zhong/Shanghai 2001/ (46)}) 16... b4 17. Nd5 Nxd5
18. exd5 Bxd5 19. Bxa6 Bxh1 20. Bxc8 Bf3 21. Re1 O-O 22. Bf5 g6 23. Qd3 {
1-0 Dubiel,J-Jakubowski,T/Zakopane 2000/ (40)}) 15... Bd7 16. Bxb6 {White
hopes to benefit from the weak square d5, but black will get enough
counterplay.} (16. Qf2 Nc4 17. Bxc4 Qxc4 18. Nd2 Qc7 $11) 16... Qxb6 17. g4 b4
(17... hxg4 $2 18. hxg4 Rg8 (18... Rxh1 19. Rxh1 Nxg4 20. Nd5 Qc6 21. Rh8+ Bf8
22. Qg5 Nf6 23. Qxg7 $18) 19. Nd5 Nxd5 20. exd5 $14) 18. Nd5 Nxd5 19. exd5 a5
20. Qe2 (20. Nc1 a4 $15) 20... a4 21. Nd2 a3 $1 22. Ne4 (22. bxa3 bxa3+ 23. Nb3
Qb4 24. Qe1 Rc3 $17) 22... Qd4 23. c3 bxc3 24. Bc2 Qc4 $5 {The endgame with
bishop's pair and active pieces must be very good for black.} (24... Qb4 25. b3
Rc7 $15) 25. Qxc4 Rxc4 26. bxc3 (26. Nxc3 hxg4 27. hxg4 Rxh1 28. Rxh1 Rxg4 $15)
26... Ba4 (26... Rc7 27. Kc1 Bb5 $15) 27. Nd2 Rf4 (27... Bxc2+ 28. Kxc2 Rf4 29.
Kb3 hxg4 30. hxg4 Rxh1 31. Rxh1 Rxg4 32. Rh8+ Kd7 33. Ra8 $11) 28. Rhf1 hxg4 $2
{Rowson had to keep both bishops, now white is out of worts trouble.} (28...
Bb5 29. Rxf4 exf4 30. c4 Ba6 31. Rf1 hxg4 32. hxg4 Rh2 $15) 29. Rxf4 Bxc2+ 30.
Kxc2 exf4 31. hxg4 Bf6 $6 (31... Rh4 32. Rg1 Rh2 33. Rb1 f3 34. Kd3 $11) 32.
Nc4 Kd7 33. Nxa3 Rh3 34. Nb5 Be5 (34... Rg3 35. a4 Rxg4 (35... Kc8 36. Nxd6+
$18) 36. a5 f3 37. a6 Ra4 38. a7 $16) 35. a4 Kc8 36. a5 Kb7 37. Ra1 Ka6 38.
Nc7+ Ka7 (38... Kb7 39. a6+ Kxc7 40. a7 $18) 39. Ra3 {White a pawn is quite
dangerous and black must play ver well to avoid the worst.} f3 40. Nb5+ (40. a6
f2 41. Nb5+ Kb6 42. Ra1 Kxb5 43. a7 Rxc3+ 44. Kd2 Rc8 $19) 40... Ka6 41. Nc7+
Ka7 42. Kd3 f2+ 43. Ke2 Rf3 (43... Bg3 44. Ra1 Kb7 45. Ne8 (45. a6+ Kxc7 46. a7
f1=Q+ 47. Rxf1 Kb7 48. Ra1 Ka8 $19) 45... Ka6 46. Rb1 Kxa5 47. Nxg7 Be5 48. Nh5
$14) 44. Ra1 Bxc3 $2 {The light pieces endgame will prove to be hopeless for
black.} (44... Rf4 45. Rb1 f1=Q+ (45... Rc4 46. Nb5+ Ka6 47. Nxd6) 46. Rxf1
Rxg4 47. Rb1 Rc4 48. Nb5+ Ka6 49. Nxd6 Bxd6 50. Kd3 Rf4 51. Rb6+ Kxa5 52. Rxd6
Rxf5 53. c4 $16) 45. Kxf3 Bxa1 46. Kxf2 Be5 (46... Kb7 47. Nb5 Be5 48. Na3 $18)
47. g5 Bf4 (47... Kb7 48. Ne6 Ka6 49. Nd8 f6 50. g6 Bf4 51. Kf3 Bc1 52. Nf7 Ba3
53. Ng5 Bc1 54. Ne4 Bh6 55. Nxd6 $18) 48. Ne6 $1 {[%mdl 4096] This elegant
move underlines the problems, that black has to fight, white pawns are too
advanced.} Bd2 (48... fxe6 49. f6 gxf6 50. g6 Bh6 51. dxe6 $18) 49. Ke2 Bc1 50.
g6 fxg6 (50... fxe6 51. f6 Bb2 52. f7 $18) 51. fxg6 Bb2 (51... Ka6 52. Nxg7 $18
) 52. Nd8 Ka6 53. Nc6 Bc3 54. Kd3 Be1 (54... Bxa5 55. Nxa5 Kxa5 56. Ke4 Kb4 57.
Kf5 Kc4 58. Ke6 Kc5 59. Kf7 Kxd5 60. Kxg7 Ke4 61. Kf6 d5 62. g7 d4 63. g8=Q $18
) 55. Ke4 Bc3 56. Kf5 Bb2 57. Ke6 Ba3 58. Kf7 Bb2 59. Ne7 Kxa5 60. Nf5 Kb5 61.
Nxg7 Kc5 62. Ne8 Bh8 (62... Kxd5 63. Nf6+ Bxf6 64. Kxf6 $18) 63. Ke6 (63. Ke6
Kd4 64. Kxd6 Kc4 65. Ke6 $18) 1-0

[Event "SVK-ch"]
[Site "Kaskady"]
[Date "2002.06.27"]
[Round "1"]
[White "Movsesian, Sergei"]
[Black "Sutovsky, Emil"]
[Result "0-1"]
[WhiteElo "2624"]
[BlackElo "2660"]
[Annotator "Ftacnik,L"]
[PlyCount "86"]
[EventDate "2002.06.27"]
[EventType "tourn"]
[EventRounds "11"]
[EventCountry "SVK"]
[EventCategory "12"]
[SourceTitle "CBM 090"]
[Source "ChessBase"]
[SourceDate "2002.09.20"]
[SourceVersion "1"]
[SourceVersionDate "2002.09.20"]
[SourceQuality "1"]

{[%mdl 1]} 1. e4 c5 2. Nf3 d6 3. d4 cxd4 4. Nxd4 Nf6 5. Nc3 a6 6. Be3 e5 7. Nb3
Be6 8. f3 Be7 9. Qd2 O-O 10. O-O-O Qc7 11. g4 Rc8 12. Kb1 d5 13. exd5 Nxd5 14.
Nxd5 Bxd5 15. Be2 a5 $5 {Sutovsky is trying to make white's life uncomfortable
with an immediate attack on the queenside.} (15... Bxb3 16. axb3 Rd8 17. Qc3
Nc6 18. Bd3 Rac8 19. Be4 Rd6 20. Bc5 Rxd1+ 21. Rxd1 g6 22. Be3 Bf8 23. h4 {
1-0 Bruzon Bautista,L-Delgado,N/Holguin City 2002/ (34)}) 16. Bb6 (16. Qxd5
Qxc2+ 17. Ka1 Qxe2 18. Qxb7 Nc6 19. Rc1 Qxf3 $17) (16. Nc1 Rd8 17. Nd3 Nc6 $15)
16... Qxb6 (16... Qc6 17. Qxd5 (17. Bxa5 Bxb3 18. cxb3 Rxa5 19. Qxa5 Qc2+ 20.
Ka1 Qxe2 21. Rhe1 Qxf3 22. Qxe5 Nc6 $17) 17... Qxc2+ 18. Ka1 Qxe2 19. Rhe1 Qxh2
$17) 17. Qxd5 Qc7 (17... a4 18. Nd2 a3 19. b3 $11) 18. Bd3 a4 19. Nd2 (19. Qe4
g6 20. Nd2 a3 21. Nc4 Ra4 $1 22. b3 b5 $19) 19... a3 20. Bc4 (20. Nc4 Nc6 (
20... axb2 21. Nxe5 Bf6 22. Nc4 Qc6 23. Qxc6 Rxc6 24. Rhe1 Na6 25. Be4 Rxc4 26.
Bxb7 Rcc8 $11) 21. b3 Rd8 22. Qe4 g6 $15) (20. b3 $2 Qc3 21. Nc4 Rxc4 $19)
20... axb2 (20... Bg5 21. Ne4 Qxc4 22. Qxc4 Rxc4 23. Nxg5 Nc6 24. b3 Rd4 25. c3
$11) 21. Qxf7+ Kh8 22. c3 {Movsesian must carefully avoid all traps, simple
solutions with eating of the b2 pawn promise great play for black.} (22. Bd3
Qa5 23. Qb3 Nc6 24. Nc4 Qc5 25. Nb6 Ra3 26. Qxb2 Rd8 $15) 22... Ra3 23. Bb3 (
23. Kxb2 $2 b5 $1 $19) 23... Qxc3 24. Nc4 (24. Qxe7 Qd3+ 25. Kxb2 Rxb3+ $1 26.
Nxb3 (26. axb3 Rc2+ 27. Ka3 Qa6+ 28. Kb4 Nc6#) 26... Rc2+ 27. Ka3 Qa6+ $19)
24... Nc6 $1 (24... Rxb3 25. axb3 Qxb3 26. Qxe7 Qxc4 27. Rd8+ Rxd8 28. Qxd8+
Qg8 29. Rd1 Nc6 30. Qxg8+ Kxg8 31. Kxb2 $16) 25. Nxb2 (25. Rd7 Rxb3 26. axb3
Nb4 27. Rd2 Ra8 28. Nxb2 Qxd2 $19) (25. Nxa3 Bxa3 26. Qc4 Nd4 27. Qxc3 Rxc3 28.
h4 Rc8 29. Rhe1 b5 30. g5 g6 $19) 25... e4 $1 26. Rc1 (26. fxe4 Bf6 27. e5 Qxe5
28. Nc4 Qa1+ 29. Kc2 Qc3+ 30. Kb1 Rxa2 31. Bxa2 Nb4 $19) 26... Qxf3 27. Qe6 $2
{This aggressive move probably seals the fate for white, the paradoxal
solution with queens exchange was still keeping chances equal.} (27. Qxf3 $1
exf3 28. Nc4 Ra6 (28... Rxb3+ 29. axb3 Rf8 30. Rhf1 $13) 29. Ne5 $1 g6 (29...
Rf8 30. Nf7+ Rxf7 31. Bxf7 $14) 30. Rhf1 $11) 27... Rf8 28. Bd5 Bf6 (28... Nb4
29. Bxe4 Qf6 30. Qxf6 (30. Bd5 Nxd5 31. Qxd5 Qg6+ 32. Rc2 Rc3 33. Rhc1 Bg5 $19)
30... Bxf6 31. g5 Bxg5 $17) 29. Bxe4 (29. Qxe4 Rxa2 $3 30. Kxa2 Ra8+ 31. Na4 (
31. Kb1 Ra1+ $1 32. Kc2 (32. Kxa1 Qa3+ 33. Kb1 Qxb2#) 32... Qc3+ 33. Kd1 Qxc1+
$19) 31... Qxe4 32. Bxe4 Rxa4+ $19) 29... Rxa2 $3 {[%mdl 128] Great
combination and a nasty surpise for white, suddenly his king remains naked in
the cold.} 30. Rc2 $8 (30. Kxa2 Ra8+ 31. Kb1 Qa3 32. Nd3 Qa1+ 33. Kc2 Nd4+ 34.
Kd1 Qa4+ $19) (30. Qxa2 Qxe4+ 31. Ka1 Bxb2+ 32. Kxb2 (32. Qxb2 Ra8+ $19) 32...
Rf2+ $19) 30... Rxb2+ 31. Rxb2 Qa3 32. Qb3 (32. Ra2 Qb4+ 33. Kc1 Bg5+ 34. Kd1
Qd4+ 35. Kc2 Nb4+ $19) 32... Bxb2 33. Qxb2 Qe3 34. Bc2 (34. Bxc6 bxc6 35. Rd1
Qe4+ 36. Qc2 Rb8+ 37. Kc1 Qxg4 $19) 34... Nd4 35. Rd1 (35. Qb4 Qf3 36. Rc1 Nxc2
37. Rxc2 Ra8 $17) 35... Nxc2 36. Qxc2 Qb6+ {There are still some technical
difficulties on the road to victory, but black plays very carefully.} 37. Kc1
Qe6 38. Qa4 Qh6+ 39. Kb1 Qxh2 40. Qb4 Ra8 41. Qxb7 Rb8 42. Kc1 Qf4+ 43. Kc2
Qc4+ 0-1